000 01626nam a2200433 i 4500
001 193991
003 SpMaBN
005 20250825062649.0
008 240209s2022 sp a | |||| 000 p spa
015 _aMON22
017 _aB 4044-2022
_bOficina Depósito Legal Barcelona
020 _a9788409380862
035 _a(OCoLC)1322822003
040 _aSpMaBN
_bspa
_cSpMaBN
_erda
080 _a73 Yamaguchi, Tadanori
080 _a821.134.3-14"19"
100 1 _aAndrade, Eugénio de,
_d1923-2005
_921508
240 1 0 _aOstinato Rigore
_lEspañol
245 1 0 _aOstinato rigore /
_cEugénio de Andrade, Tadanori Yamaguchi ; traducción, Miguel Losada
250 _aPrimera edición: 2022
264 1 _aBarcelona :
_bLa Cama Sol Ediciones,
_c[2022]
264 4 _c©2022
300 _a123 páginas :
_bilustraciones (blanco y negro y color) ;
_c24 cm
336 _aTexto
_aImagen fija
_2rdacontent
337 _asin mediación
_2rdamedia
338 _avolumen
_2rdacarrier
546 _aTexto en español y japonés
600 0 _aYamaguchi, Tadanori,
_d1970-
_2embne
_9235551
655 7 _aPoesías
_2tgfbne
_9176539
655 7 _aLibros ilustrados
_2tgfbne
_9193653
700 _aYamaguchi, Tadanori,
_d1970-
_9235551
_eart
700 1 _aLosada, Miguel
_974261
_etrl
852 _aES-MaACL
_bR.155008
_cDEPOJ
_jN-9792
_xEncuadernación rústica con solapas
_g480/500
_hDonación: Miguel Losada
_9205563
942 _cMONOGRAFIA
_n0
999 _c193991
_d193991